00243nam a2200097 a 4500008004100000050001600041100002500057245003200082246002200114350000900136120416s9999 xx |||||||||||||| || u aNA 9031 Mac aMcLoughlin, J. Brian10aUrban and regional planning aa system approach a0.00